[Event "Berlin op 08"]
[Site "Berlin"]
[Date "2006.08.24"]
[Round "6"]
[White "Rehfeldt, Andreas"]
[Black "Czerwonka, Erwin"]
[Result "1/2-1/2"]
[WhiteElo "1758"]
[BlackElo "1929"]
[PlyCount "33"]
[EventDate "2006.08.19"]
[EventType "swiss"]
[EventRounds "9"]
[EventCountry "GER"]
[SourceTitle "EXT 2007"]
[Source "ChessBase"]
[SourceDate "2006.11.23"]
[SourceVersion "1"]
[SourceVersionDate "2006.11.23"]
[SourceQuality "1"]

1. d4 Nf6 2. Nf3 e6 3. Bf4 c5 4. c3 Nc6 5. e3 d5 6. h3 h6 7. Be2 Bd6 8. Bxd6 Qxd6 9. 0-0 0-0 10. Nbd2 b6 11. Re1 Rd8 12. Rc1 e5 13. dxe5 Nxe5 14. Nxe5 Qxe5 15. Bf3 Be6 16. Qe2 Rac8 17. a3 1/2-1/2

[Event "Berlin op 08"]
[Site "Berlin"]
[Date "2006.08.22"]
[Round "4"]
[White "Rehfeldt, Andreas"]
[Black "Albinus, Guenter"]
[Result "1-0"]
[WhiteElo "1758"]
[BlackElo "1869"]
[PlyCount "115"]
[EventDate "2006.08.19"]
[EventType "swiss"]
[EventRounds "9"]
[EventCountry "GER"]
[SourceTitle "EXT 2007"]
[Source "ChessBase"]
[SourceDate "2006.11.23"]
[SourceVersion "1"]
[SourceVersionDate "2006.11.23"]
[SourceQuality "1"]

1. d4 Nf6 2. Nf3 g6 3. Bf4 Bg7 4. e3 d6 5. Be2 c5 6. c3 b6 7. h3 Bb7 8. Nbd2 Nbd7 9. 0-0 0-0 10. Rc1 Qc7 11. Qc2 e5 12. dxe5 dxe5 13. Bh2 Rfe8 14. a3 Qc6 15. Rfd1 e4 16. Ne1 Rad8 17. Nc4 Re6 18. Nd6 a6 19. Bc4 Re7 20. Qb3 Rf8 21. Nxb7 Qxb7 22. Bd6 Ree8 23. a4 Ne5 24. Bxf8 Bxf8 25. Rd2 Nxc4 26. Qxc4 b5 27. axb5 axb5 28. Qe2 c4 29. Qd1 Be7 30. b3 Qc7 31. bxc4 Qxc4 32. Rd4 Qc6 33. c4 bxc4 34. Rdxc4 Qe6 35. Qa4 Bd8 36. Nc2 Qd7 37. Qxd7 Nxd7 38. Nd4 Nb6 39. Rc6 Kf8 40. Rb1 Nd7 41. Rb7 Ne5 42. Rc8 Be7 43. Rbb8 Rxc8 44. Rxc8+ Kg7 45. Nc6 Nxc6 46. Rxc6 f5 47. f3 exf3 48. gxf3 h5 49. e4 fxe4 50. fxe4 Bf6 51. Kf2 Kf7 52. Kf3 Be5 53. Ke3 Bh2 54. Kd4 Bf4 55. e5 Bg5 56. Kd5 Bd8 57. Ra6 Be7 58. Ra1 1-0